000 00982nam a2200265Ia 4500
003 OSt
005 20221005111453.0
006 a|||||r|||| 00| 0
007 ta
008 221004b |||||||| |||| 00| 0 hin d
020 _a9789382998884 (hbk)
_c695
024 _a26340
037 _b2338, 19/03/2016, Success Book Service
_cTextual
040 _aCRL
_cCRL
_bhin
041 _2hin
_ahin
082 _aO152,6x, Q6
100 _aराम प्रकाश सरोज, संपा.
_9163487
245 0 _aजीवन के अजब गजब रंग
246 _aJīvan ke ajab gajab ranga
260 _aनई दिल्ली
_bशिवांक प्रकाशन भारत
_c2016
300 _a240पृ0
_ccm.
650 _aहिन्दी साहित्य
942 _hO152,6x, Q6
_cTEXL
_2cc
999 _c1021929
_d1021929